| 000 | 00823nam a22002177a 4500 | ||
|---|---|---|---|
| 003 | 0 | ||
| 005 | 20250129102036.0 | ||
| 008 | 150902b xxu||||| |||| 00| 0 eng d | ||
| 050 |
_aPGS ML 3830 _b.C277 2015 |
||
| 100 | _aCaringal, Lucille Alyssa R. | ||
| 245 |
_aMusic engagement and self esteem / _cLucille Alyssa R. Caringal. |
||
| 260 |
_aLas PiƱas City, Philippines : _bSouthville International School and Colleges, _c2015. |
||
| 300 |
_a29 p. : _bill. ; _c28 cm. _fPASS |
||
| 504 | _aIncludes bibliographical references. | ||
| 650 |
_2Library of Congress Subject Headings _aMusic _vPsychological aspects. |
||
| 650 | _aSelf-esteem in children. | ||
| 650 |
_aMusic _vInfluence on youth. |
||
| 650 |
_aMusic _vInstruction and study. |
||
| 650 |
_aSixth grade (Education) _vPsychological aspects. |
||
| 942 |
_2lcc _cPASS |
||
| 999 |
_c288578 _d288578 |
||